Obstetrical & gynecological survey.

Bibliographic Details
Format: Journal
Language:English
Published: Baltimore : Williams & Wilkins, [1946-]
Subjects:
Online Availability: Check for online availability

MARC

Tag First Indicator Second Indicator Subfields
LEADER 00000cas a2200000 a 4500
001 in00004455083
005 20191202121048.0
008 751101c19469999mdumr1p ̂ 0uu1a0eng
010 |a  48011642   |z sn 78005051  
022 |a 0029-7828 
030 |a OGSUA8 
032 |a 402000  |b USPS 
035 |a (OCoLC)01760994 
035 |z (UtOrBLW)2438 
035 |a 3793 
040 |a DLC  |c MUL  |d NSD  |d DLC  |d NSD  |d m.c.  |d SER  |d RCS  |d DLC  |d AIP  |d TMV  |d UtOrBLW 
042 |a nsdp  |a lc 
049 |a [Shelved] [by Title] TMVM 
050 1 0 |a RG1  |b .O17 
060 0 0 |a ZWP 100 O14 
060 4 |a x 
210 0 |a Obstet. gynecol. surv. 
222 0 |a Obstetrical & gynecological survey 
245 0 0 |a Obstetrical & gynecological survey. 
246 1 0 |a Obstetrical and gynecological survey 
264 1 |a Baltimore :  |b Williams & Wilkins,  |c [1946-] 
264 4 |c ©1946- 
300 |a volumes :  |b illustrations ;  |c 26 cm. 
310 |a Monthly  |b <Jan. 1973-> 
321 |a Bimonthly  |b <1947-1972> 
336 |a text  |2 rdacontent  |b txt 
337 |a unmediated  |2 rdamedia 
338 |a volume  |2 rdacarrier  |b nc 
362 0 |a Vol. 1, no.1 (Feb. 1946)- 
500 |a Description based on: Volume 28, number1 (Jan. 1973) title from cover. 
500 |a Bindery Color/Print: 719/W 
525 |a Supplements accompany some issues. 
530 |a Also available online. 
555 |a Vol. 24 (1969)-v.28 (1973) in vol. 28 (1973). 
650 2 |a Obstetrics. 
650 2 |a Gynecology. 
655 2 |a Abstracts. 
655 2 |a Periodicals. 
776 1 |a Obstetrical & gynecological survey (Online)  |x 1533-9866  |w (OCoLC)40921533 
948 |a Cancelled with 2003. 05/08/03 pj 
999 |a MARS 
999 f f |s 47b83c04-0035-305a-a2c4-84aaecd8d7d0  |i fa164613-9607-3f7a-b787-83564e52ee06  |t 0 
952 f f |p storage  |a Texas A&M University  |b J.J. Pickle Campus  |c High Density Repository  |d Remote Storage  |t 0  |h No information provided  |i unmediated -- volume  |k v.39 & cum.index v.34/39  |l 1984  |m 323890065089A 
952 f f |p storage  |a Texas A&M University  |b J.J. Pickle Campus  |c High Density Repository  |d Remote Storage  |t 0  |h No information provided  |i unmediated -- volume  |k v.9  |l 1954  |m 3238900650575 
952 f f |p storage  |a Texas A&M University  |b J.J. Pickle Campus  |c High Density Repository  |d Remote Storage  |t 0  |h No information provided  |i unmediated -- volume  |k v.22  |l 1967  |m 3238900650700 
952 f f |p storage  |a Texas A&M University  |b J.J. Pickle Campus  |c High Density Repository  |d Remote Storage  |t 0  |h No information provided  |i unmediated -- volume  |k v.25  |l 1970  |m 3238900650733 
952 f f |p storage  |a Texas A&M University  |b J.J. Pickle Campus  |c High Density Repository  |d Remote Storage  |t 0  |h No information provided  |i unmediated -- volume  |k v.1  |l 1946  |m 3238900650496 
952 f f |p storage  |a Texas A&M University  |b J.J. Pickle Campus  |c High Density Repository  |d Remote Storage  |t 0  |h No information provided  |i unmediated -- volume  |k v.6  |l 1951  |m 3238900650542 
952 f f |p storage  |a Texas A&M University  |b J.J. Pickle Campus  |c High Density Repository  |d Remote Storage  |t 0  |h No information provided  |i unmediated -- volume  |k v.50  |l 1995:Jan./June  |m 3238901490365 
952 f f |p storage  |a Texas A&M University  |b J.J. Pickle Campus  |c High Density Repository  |d Remote Storage  |t 0  |h No information provided  |i unmediated -- volume  |k v.15  |l 1960  |m 3238900650632 
952 f f |p storage  |a Texas A&M University  |b J.J. Pickle Campus  |c High Density Repository  |d Remote Storage  |t 0  |h No information provided  |i unmediated -- volume  |k v.47  |l 1992:Jan./June  |m 3238901389339 
952 f f |p storage  |a Texas A&M University  |b J.J. Pickle Campus  |c High Density Repository  |d Remote Storage  |t 0  |h No information provided  |i unmediated -- volume  |k v.56 & suppl.  |l 2001  |m 3238901773145 
952 f f |p storage  |a Texas A&M University  |b J.J. Pickle Campus  |c High Density Repository  |d Remote Storage  |t 0  |h No information provided  |i unmediated -- volume  |k v.43  |l 1988  |m 323890083879H 
952 f f |p storage  |a Texas A&M University  |b J.J. Pickle Campus  |c High Density Repository  |d Remote Storage  |t 0  |h No information provided  |i unmediated -- volume  |k v.44 & cum.index v.40/44  |l 1989  |m 323890086984H 
952 f f |p storage  |a Texas A&M University  |b J.J. Pickle Campus  |c High Density Repository  |d Remote Storage  |t 0  |h No information provided  |i unmediated -- volume  |k v.17  |l 1962  |m 3238900650654 
952 f f |p storage  |a Texas A&M University  |b J.J. Pickle Campus  |c High Density Repository  |d Remote Storage  |t 0  |h No information provided  |i unmediated -- volume  |k v.18  |l 1963  |m 3238900650665 
952 f f |p storage  |a Texas A&M University  |b J.J. Pickle Campus  |c High Density Repository  |d Remote Storage  |t 0  |h No information provided  |i unmediated -- volume  |k v.7  |l 1952  |m 3238900650553 
952 f f |p storage  |a Texas A&M University  |b J.J. Pickle Campus  |c High Density Repository  |d Remote Storage  |t 0  |h No information provided  |i unmediated -- volume  |k v.54 & suppl.  |l 1999  |m 3238901622575 
952 f f |p storage  |a Texas A&M University  |b J.J. Pickle Campus  |c High Density Repository  |d Remote Storage  |t 0  |h No information provided  |i unmediated -- volume  |k v.13  |l 1958  |m 3238900650610 
952 f f |p storage  |a Texas A&M University  |b J.J. Pickle Campus  |c High Density Repository  |d Remote Storage  |t 0  |h No information provided  |i unmediated -- volume  |k v.4  |l 1949  |m 3238900650520 
952 f f |p storage  |a Texas A&M University  |b J.J. Pickle Campus  |c High Density Repository  |d Remote Storage  |t 0  |h No information provided  |i unmediated -- volume  |k v.33  |l 1978  |m 3238900650812 
952 f f |p storage  |a Texas A&M University  |b J.J. Pickle Campus  |c High Density Repository  |d Remote Storage  |t 0  |h No information provided  |i unmediated -- volume  |k v.47  |l 1992:July/Dec.  |m 3238901392939 
952 f f |p storage  |a Texas A&M University  |b J.J. Pickle Campus  |c High Density Repository  |d Remote Storage  |t 0  |h No information provided  |i unmediated -- volume  |k v.10  |l 1955  |m 3238900282510 
952 f f |p storage  |a Texas A&M University  |b J.J. Pickle Campus  |c High Density Repository  |d Remote Storage  |t 0  |h No information provided  |i unmediated -- volume  |k v.19  |l 1964  |m 3238900650676 
952 f f |p storage  |a Texas A&M University  |b J.J. Pickle Campus  |c High Density Repository  |d Remote Storage  |t 0  |h No information provided  |i unmediated -- volume  |k v.57 & suppls.  |l 2002  |m 323890175984G 
952 f f |p storage  |a Texas A&M University  |b J.J. Pickle Campus  |c High Density Repository  |d Remote Storage  |t 0  |h No information provided  |i unmediated -- volume  |k v.51 & suppl.  |l 1996  |m 323890146868F 
952 f f |p storage  |a Texas A&M University  |b J.J. Pickle Campus  |c High Density Repository  |d Remote Storage  |t 0  |h No information provided  |i unmediated -- volume  |k v.48  |l 1993  |m 3238901531293 
952 f f |p storage  |a Texas A&M University  |b J.J. Pickle Campus  |c High Density Repository  |d Remote Storage  |t 0  |h No information provided  |i unmediated -- volume  |k v.37  |l 1982  |m 3238900650878 
952 f f |p storage  |a Texas A&M University  |b J.J. Pickle Campus  |c High Density Repository  |d Remote Storage  |t 0  |h No information provided  |i unmediated -- volume  |k v.24  |l 1969  |m 3238900650722 
952 f f |p storage  |a Texas A&M University  |b J.J. Pickle Campus  |c High Density Repository  |d Remote Storage  |t 0  |h No information provided  |i unmediated -- volume  |k v.53 & suppls.  |l 1998  |m 323890159598J 
952 f f |p storage  |a Texas A&M University  |b J.J. Pickle Campus  |c High Density Repository  |d Remote Storage  |t 0  |h No information provided  |i unmediated -- volume  |k v.8  |l 1953  |m 3238900650564 
952 f f |p storage  |a Texas A&M University  |b J.J. Pickle Campus  |c High Density Repository  |d Remote Storage  |t 0  |h No information provided  |i unmediated -- volume  |k v.23  |l 1968  |m 3238900650711 
952 f f |p storage  |a Texas A&M University  |b J.J. Pickle Campus  |c High Density Repository  |d Remote Storage  |t 0  |h No information provided  |i unmediated -- volume  |k v.20  |l 1965  |m 3238900650687 
952 f f |p storage  |a Texas A&M University  |b J.J. Pickle Campus  |c High Density Repository  |d Remote Storage  |t 0  |h No information provided  |i unmediated -- volume  |k v.36 & cum. index v.32/36  |l 1981  |m 3238900650867 
952 f f |p storage  |a Texas A&M University  |b J.J. Pickle Campus  |c High Density Repository  |d Remote Storage  |t 0  |h No information provided  |i unmediated -- volume  |k v.5  |l 1950  |m 3238900650531 
952 f f |p storage  |a Texas A&M University  |b J.J. Pickle Campus  |c High Density Repository  |d Remote Storage  |t 0  |h No information provided  |i unmediated -- volume  |k v.46  |l 1991:Jan./June  |m 323890102132Y 
952 f f |p storage  |a Texas A&M University  |b J.J. Pickle Campus  |c High Density Repository  |d Remote Storage  |t 0  |h No information provided  |i unmediated -- volume  |k v.45 & suppl.  |l 1990:July/Dec.  |m 3238900942614 
952 f f |p storage  |a Texas A&M University  |b J.J. Pickle Campus  |c High Density Repository  |d Remote Storage  |t 0  |h No information provided  |i unmediated -- volume  |k v.38 & cum.index v.34/38  |l 1983  |m 3238900650889 
952 f f |p storage  |a Texas A&M University  |b J.J. Pickle Campus  |c High Density Repository  |d Remote Storage  |t 0  |h No information provided  |i unmediated -- volume  |k v.31  |l 1976  |m 3238900650799 
952 f f |p storage  |a Texas A&M University  |b J.J. Pickle Campus  |c High Density Repository  |d Remote Storage  |t 0  |h No information provided  |i unmediated -- volume  |k v.45  |l 1990:Jan./June  |m 3238900942603 
952 f f |p storage  |a Texas A&M University  |b J.J. Pickle Campus  |c High Density Repository  |d Remote Storage  |t 0  |h No information provided  |i unmediated -- volume  |k v.12  |l 1957  |m 323890065060% 
952 f f |p storage  |a Texas A&M University  |b J.J. Pickle Campus  |c High Density Repository  |d Remote Storage  |t 0  |h No information provided  |i unmediated -- volume  |k v.30  |l 1975  |m 3238900650788 
952 f f |p storage  |a Texas A&M University  |b J.J. Pickle Campus  |c High Density Repository  |d Remote Storage  |t 0  |h No information provided  |i unmediated -- volume  |k v.41  |l 1986  |m 323890077285B 
952 f f |p storage  |a Texas A&M University  |b J.J. Pickle Campus  |c High Density Repository  |d Remote Storage  |t 0  |h No information provided  |i unmediated -- volume  |k v.49  |l 1994  |m 3238901534724 
952 f f |p storage  |a Texas A&M University  |b J.J. Pickle Campus  |c High Density Repository  |d Remote Storage  |t 0  |h No information provided  |i unmediated -- volume  |k v.32  |l 1977  |m 3238900650801 
952 f f |p storage  |a Texas A&M University  |b J.J. Pickle Campus  |c High Density Repository  |d Remote Storage  |t 0  |h No information provided  |i unmediated -- volume  |k v.34  |l 1979:Jan./June  |m 3238900650823 
952 f f |p storage  |a Texas A&M University  |b J.J. Pickle Campus  |c High Density Repository  |d Remote Storage  |t 0  |h No information provided  |i unmediated -- volume  |k v.21  |l 1966  |m 3238900650698 
952 f f |p storage  |a Texas A&M University  |b J.J. Pickle Campus  |c High Density Repository  |d Remote Storage  |t 0  |h No information provided  |i unmediated -- volume  |k v.50  |l 1995:July/Dec.  |m 323890154785C 
952 f f |p storage  |a Texas A&M University  |b J.J. Pickle Campus  |c High Density Repository  |d Remote Storage  |t 0  |h No information provided  |i unmediated -- volume  |k v.28  |l 1973  |m 3238900650766 
952 f f |p storage  |a Texas A&M University  |b J.J. Pickle Campus  |c High Density Repository  |d Remote Storage  |t 0  |h No information provided  |i unmediated -- volume  |k v.27  |l 1972  |m 3238900650755 
952 f f |p storage  |a Texas A&M University  |b J.J. Pickle Campus  |c High Density Repository  |d Remote Storage  |t 0  |h No information provided  |i unmediated -- volume  |k v.34  |l 1979:July/Dec.  |m 3238900650834 
952 f f |p storage  |a Texas A&M University  |b J.J. Pickle Campus  |c High Density Repository  |d Remote Storage  |t 0  |h No information provided  |i unmediated -- volume  |k v.35  |l 1980:Jan./June  |m 3238900650845 
952 f f |p storage  |a Texas A&M University  |b J.J. Pickle Campus  |c High Density Repository  |d Remote Storage  |t 0  |h No information provided  |i unmediated -- volume  |k v.42  |l 1987  |m 3238900806501 
952 f f |p storage  |a Texas A&M University  |b J.J. Pickle Campus  |c High Density Repository  |d Remote Storage  |t 0  |h No information provided  |i unmediated -- volume  |k v.11  |l 1956  |m 3238900650597 
952 f f |p storage  |a Texas A&M University  |b J.J. Pickle Campus  |c High Density Repository  |d Remote Storage  |t 0  |h No information provided  |i unmediated -- volume  |k v.2  |l 1947  |m 3238901910700 
952 f f |p storage  |a Texas A&M University  |b J.J. Pickle Campus  |c High Density Repository  |d Remote Storage  |t 0  |h No information provided  |i unmediated -- volume  |k v.52 & suppl.  |l 1997  |m 3238901429558 
952 f f |p storage  |a Texas A&M University  |b J.J. Pickle Campus  |c High Density Repository  |d Remote Storage  |t 0  |h No information provided  |i unmediated -- volume  |k v.26  |l 1971  |m 3238900650744 
952 f f |p storage  |a Texas A&M University  |b J.J. Pickle Campus  |c High Density Repository  |d Remote Storage  |t 0  |h No information provided  |i unmediated -- volume  |k v.16  |l 1961  |m 3238900650643 
952 f f |p storage  |a Texas A&M University  |b J.J. Pickle Campus  |c High Density Repository  |d Remote Storage  |t 0  |h No information provided  |i unmediated -- volume  |k v.35  |l 1980:July/Dec.  |m 3238900650856 
952 f f |p storage  |a Texas A&M University  |b J.J. Pickle Campus  |c High Density Repository  |d Remote Storage  |t 0  |h No information provided  |i unmediated -- volume  |k v.29  |l 1974  |m 3238900650777 
952 f f |p storage  |a Texas A&M University  |b J.J. Pickle Campus  |c High Density Repository  |d Remote Storage  |t 0  |h No information provided  |i unmediated -- volume  |k v.55  |l 2000 & suppl.  |m 3238901560082 
952 f f |p storage  |a Texas A&M University  |b J.J. Pickle Campus  |c High Density Repository  |d Remote Storage  |t 0  |h No information provided  |i unmediated -- volume  |k v.14  |l 1959  |m 3238900650621 
952 f f |p storage  |a Texas A&M University  |b J.J. Pickle Campus  |c High Density Repository  |d Remote Storage  |t 0  |h No information provided  |i unmediated -- volume  |k v.46  |l 1991:July/Dec.  |m 323890102131X 
952 f f |p storage  |a Texas A&M University  |b J.J. Pickle Campus  |c High Density Repository  |d Remote Storage  |t 0  |h No information provided  |i unmediated -- volume  |k v.3  |l 1948  |m 323890065051% 
952 f f |p storage  |a Texas A&M University  |b J.J. Pickle Campus  |c High Density Repository  |d Remote Storage  |t 0  |h No information provided  |i unmediated -- volume  |k v.40  |l 1985  |m 3238900650902 
998 f f |s v.1(1946)-v.57(2002)  |t 0  |l Remote Storage